<?xml version="1.0" encoding="UTF-8"?>
<record
    xmlns:xsi="http://www.w3.org/2001/XMLSchema-instance"
    xsi:schemaLocation="http://www.loc.gov/MARC21/slim http://www.loc.gov/standards/marcxml/schema/MARC21slim.xsd"
    xmlns="http://www.loc.gov/MARC21/slim">

  <leader>01568nam a22002777a 4500</leader>
  <controlfield tag="001">BRCA_9268</controlfield>
  <controlfield tag="003">FranzMayer</controlfield>
  <controlfield tag="005">20230719123421.0</controlfield>
  <controlfield tag="008">230719b        |||||||| |||| 00| 0 eng d</controlfield>
  <datafield tag="040" ind1=" " ind2=" ">
    <subfield code="a">MFM</subfield>
    <subfield code="b">esp</subfield>
    <subfield code="c">MFM</subfield>
  </datafield>
  <datafield tag="050" ind1=" " ind2="4">
    <subfield code="a">CO65</subfield>
    <subfield code="b">G37 1805</subfield>
  </datafield>
  <datafield tag="082" ind1=" " ind2=" ">
    <subfield code="2">CD.A38</subfield>
  </datafield>
  <datafield tag="100" ind1="1" ind2=" ">
    <subfield code="4">Autor</subfield>
    <subfield code="a">Garriga, Don Josef</subfield>
    <subfield code="9">28854</subfield>
  </datafield>
  <datafield tag="240" ind1="1" ind2=" ">
    <subfield code="a">Continuacion y suplemento del prontuario de D. Severo Aguirre</subfield>
    <subfield code="h">Que comprende las c&#xE9;dulas, resoluciones &amp;c. expedidas el a&#xF1;o de 1804 y algunas de las anteriores</subfield>
    <subfield code="l">espa&#xF1;o</subfield>
  </datafield>
  <datafield tag="245" ind1="0" ind2=" ">
    <subfield code="a">Continuacion y suplemento del prontuario de D. Severo Aguirre</subfield>
    <subfield code="b">Que comprende las c&#xE9;dulas, resoluciones &amp;c. expedidas el a&#xF1;o de 1804 y algunas de las anteriores</subfield>
  </datafield>
  <datafield tag="260" ind1=" " ind2=" ">
    <subfield code="a">Madrid, Espa&#xF1;a</subfield>
    <subfield code="b">Imprenta de Ruiz</subfield>
    <subfield code="c">1805</subfield>
  </datafield>
  <datafield tag="300" ind1=" " ind2=" ">
    <subfield code="a">463 p</subfield>
    <subfield code="c">21 cm</subfield>
  </datafield>
  <datafield tag="500" ind1=" " ind2=" ">
    <subfield code="a">Con privilegio de la Corona Espa&#xF1;ola</subfield>
  </datafield>
  <datafield tag="500" ind1=" " ind2=" ">
    <subfield code="a">La p&#xE1;gina 43 lleva el nombre de Bandera de Buenos-Ayres y sobresale debido a que es el doble del tama&#xF1;o de las dem&#xE1;s</subfield>
  </datafield>
  <datafield tag="500" ind1=" " ind2=" ">
    <subfield code="a">Anotaciones al inicio del libro con l&#xE1;piz </subfield>
  </datafield>
  <datafield tag="500" ind1=" " ind2=" ">
    <subfield code="a">Entre la p&#xE1;ginas 52 y 53 un material fue arrancado del libro dejando solo unas peque&#xF1;as marcas del mismo, posiblemente un material complementario ya que no afecta la numeraci&#xF3;n </subfield>
  </datafield>
  <datafield tag="505" ind1="0" ind2=" ">
    <subfield code="a">Texto en: espa&#xF1;olDirigido a: Historiadores, soci&#xF3;logos, antrop&#xF3;logos o cualquier otra persona con inter&#xE9;s en las tierras de Aguirre o de la Corona Espa&#xF1;ola en el siglo XIX.Incluye &#xED;ndice tem&#xE1;tico </subfield>
  </datafield>
  <datafield tag="650" ind1="1" ind2=" ">
    <subfield code="2">Diplomacia</subfield>
    <subfield code="a">Archivos</subfield>
    <subfield code="v">Prontuario</subfield>
    <subfield code="9">28855</subfield>
  </datafield>
  <datafield tag="651" ind1=" " ind2=" ">
    <subfield code="2">Prontuario</subfield>
    <subfield code="a">C&#xE9;dulas</subfield>
    <subfield code="v">Aguirre</subfield>
    <subfield code="9">28856</subfield>
  </datafield>
  <datafield tag="942" ind1=" " ind2=" ">
    <subfield code="2">lcc</subfield>
    <subfield code="c">B</subfield>
  </datafield>
  <datafield tag="999" ind1=" " ind2=" ">
    <subfield code="c">10887</subfield>
    <subfield code="d">10887</subfield>
  </datafield>
  <datafield tag="952" ind1=" " ind2=" ">
    <subfield code="0">0</subfield>
    <subfield code="1">0</subfield>
    <subfield code="2">lcc</subfield>
    <subfield code="4">0</subfield>
    <subfield code="7">0</subfield>
    <subfield code="8">CFM</subfield>
    <subfield code="a">BRCA</subfield>
    <subfield code="b">BRCA</subfield>
    <subfield code="d">2023-07-19</subfield>
    <subfield code="e">Donaci&#xF3;n</subfield>
    <subfield code="l">0</subfield>
    <subfield code="o">CO65 G37 1805</subfield>
    <subfield code="p">CFM00501</subfield>
    <subfield code="r">2023-07-19 00:00:00</subfield>
    <subfield code="w">2023-07-19</subfield>
    <subfield code="y">B</subfield>
  </datafield>
</record>
